00921cam a22002654a 450000100090000000300040000900500170001300800410003001000170007102000280008804000180011604200080013405000230014208200240016510000310018924501030022026000720032330000330039550400660042865000560049465000210055065000140057165000240058570000460060913153895OSt20231229143452.0030409s2004 enka b 001 0 eng  a 2003050035 a0754619419 (alk. paper) aDLCcDLCdDLC apcc00aTL671.9b.P38 200400a629.13460685bDIN/R1 aPatankar, Manoj S.,d1968-10aRisk management and error reduction in aviation maintenance /cManoj S. Patankar, James C. Taylor. aAldershot, Hampshire, England ;aBurlington, VT :bAshgate,cc2004. axv, 214 p. :bill. ;c24 cm. aIncludes bibliographical references (p. [203]-212) and index. 0aAirplanesxMaintenance and repairxQuality control. 0aRisk management. 0aAirlines. 0aAircraft accidents.1 aTaylor, James C.q(James Chapman),d1937-